00523 2200205 4500001002100000005001500021035002000036245003800056100001200094250000600106300003500112260003900147082001200186084001800198020001800216650003200234990001700266990001700283990001700300INLIS00000000000022820180920125259 a0010-09180000821 aSelayang Pandang Jambi /cGiyarto0 aGiyarto a- aiv, 60 hlm. :bilus. ;c21 cm. aKlaten :bPT Intan Pariwara,c2008 a911.598 a911.598 GIY s a979-28-0114-9 aGeografi Historis Indonesia a00961/P/2018 a00962/P/2018 a00967/P/2018